Vassilij Grossmans Leben und Schicksal und die Kriesen des 20. Jahrhunderts
Saved in:
| Main Author: | |
|---|---|
| Format: | Chapter/Article |
| Language: | German |
| Published: |
2021
|
| In: |
Krise(n) der Moderne
Year: 2021, Pages: 315-326 |
| Online Access: |
|
| Author Notes: | Felicitas Fischer von Weikersthal |
MARC
| LEADER | 00000caa a2200000 c 4500 | ||
|---|---|---|---|
| 001 | 1747186708 | ||
| 003 | DE-627 | ||
| 005 | 20220819093805.0 | ||
| 007 | tu | ||
| 008 | 210203s2021 xx ||||| 00| ||ger c | ||
| 035 | |a (DE-627)1747186708 | ||
| 035 | |a (DE-599)KXP1747186708 | ||
| 035 | |a (OCoLC)1341390298 | ||
| 040 | |a DE-627 |b ger |c DE-627 |e rda | ||
| 041 | |a ger | ||
| 084 | |a 63 |2 sdnb | ||
| 100 | 1 | |a Fischer von Weikersthal, Felicitas |d 1976- |e VerfasserIn |0 (DE-588)135971527 |0 (DE-627)573839093 |0 (DE-576)300752261 |4 aut | |
| 245 | 1 | 0 | |a Vassilij Grossmans Leben und Schicksal und die Kriesen des 20. Jahrhunderts |c Felicitas Fischer von Weikersthal |
| 264 | 1 | |c 2021 | |
| 300 | |a 12 | ||
| 336 | |a Text |b txt |2 rdacontent | ||
| 337 | |a ohne Hilfsmittel zu benutzen |b n |2 rdamedia | ||
| 338 | |a Band |b nc |2 rdacarrier | ||
| 773 | 0 | 8 | |i Enthalten in |t Krise(n) der Moderne |d Heidelberg : Universitätsverlag Winter, 2021 |g (2021), Seite 315-326 |h 462 Seiten |w (DE-627)1681226065 |z 9783825346829 |7 nnam |a Vassilij Grossmans Leben und Schicksal und die Kriesen des 20. Jahrhunderts |
| 773 | 1 | 8 | |g year:2021 |g pages:315-326 |g extent:12 |a Vassilij Grossmans Leben und Schicksal und die Kriesen des 20. Jahrhunderts |
| 951 | |a AR | ||
| 992 | |a 20210203 | ||
| 993 | |a BookComponentPart | ||
| 994 | |a 2021 | ||
| 998 | |g 135971527 |a Fischer von Weikersthal, Felicitas |m 135971527:Fischer von Weikersthal, Felicitas |d 70000 |d 72000 |d 72020 |e 70000PF135971527 |e 72000PF135971527 |e 72020PF135971527 |k 0/70000/ |k 1/70000/72000/ |k 2/70000/72000/72020/ |p 1 |x j |y j | ||
| 999 | |a KXP-PPN1747186708 |e 384829625X | ||
| BIB | |a Y | ||
| JSO | |a {"relHost":[{"disp":"Vassilij Grossmans Leben und Schicksal und die Kriesen des 20. JahrhundertsKrise(n) der Moderne","physDesc":[{"noteIll":"Illustration","extent":"462 Seiten","noteFormat":"21 cm"}],"id":{"isbn":["9783825346829"],"eki":["1681226065"]},"recId":"1681226065","note":["Literaturangaben"],"part":{"year":"2021","text":"(2021), Seite 315-326","pages":"315-326","extent":"12"},"person":[{"given":"Klaus","family":"Kempter","role":"edt","display":"Kempter, Klaus"},{"display":"Engelbrecht, Martina","role":"edt","given":"Martina","family":"Engelbrecht"}],"name":{"displayForm":["herausgegeben von Klaus Kempter, Martina Engelbrecht"]},"language":["ger"],"type":{"bibl":"edited-book"},"origin":[{"publisher":"Universitätsverlag Winter","dateIssuedDisp":"[2021]","dateIssuedKey":"2021","publisherPlace":"Heidelberg"}],"title":[{"subtitle":"über Literatur und Zeitdiagnostik","title_sort":"Krise(n) der Moderne","title":"Krise(n) der Moderne"}]}],"id":{"eki":["1747186708"]},"recId":"1747186708","physDesc":[{"extent":"12 S."}],"name":{"displayForm":["Felicitas Fischer von Weikersthal"]},"person":[{"display":"Fischer von Weikersthal, Felicitas","family":"Fischer von Weikersthal","given":"Felicitas","role":"aut"}],"language":["ger"],"type":{"bibl":"chapter"},"title":[{"title_sort":"Vassilij Grossmans Leben und Schicksal und die Kriesen des 20. Jahrhunderts","title":"Vassilij Grossmans Leben und Schicksal und die Kriesen des 20. Jahrhunderts"}],"origin":[{"dateIssuedKey":"2021","dateIssuedDisp":"2021"}]} | ||
| SRT | |a FISCHERVONVASSILIJGR2021 | ||